00924 a2200193 45000010006000000050017000060080041000230030015000640400040000790800072001192450104001910200018002952640033003133000019003465050194003651000028005597000017005878560126006041571420260407155451.0260407a2003 arg spa dAR-UNSa-BCEJYS aAR-UNSa-BCEJYSbspacAR-UNSa-BCEJYS a35.077.3xProcedimiento administrativo (licitación pública...) 10aProcedimientos administrativospLey Nacional de procedimientos administrativos, anotada y comentada a950-527-827-6 1aBuenos Aires :bLa Leyc2003 a628 p.c25 cm. a1. Procedimiento administrativo: ámbito de aplicación - 2. Competencia del organo - 3. Requisitos esenciales del acto administrativo - 4. Impugnación judicial de actos administrativos1 aComadira, Julio Rodolfo1 aMonti, Laura41uhttps://biblioeco.unsa.edu.ar/pmb/images/libros/Procedimientos administrativos2-l87419.jpgyImagen de portadaqimage/jpeg